[Event "72. C.to Provinciale RC"]
[Site "Reggio di calabria ITA"]
[Date "2012.05.05"]
[Round "3"]
[White "Carbone, Stefano"]
[Black "Cordi', Domenico"]
[Result "1-0"]
[WhiteElo "1980"]
[BlackElo "2075"]
[Annotator "Gabriele Ballarin"]
[PlyCount "91"]
[EventDate "2012.05.04"]
[EventType "swiss"]
[EventCountry "ITA"]

1. Nf3 Nf6 2. c4 g6 3. g3 Bg7 4. Bg2 O-O 5. O-O c6 6. d4 d5 7. cxd5 cxd5 8. Ne5 Nc6 9. Nc3 Qb6 10. Nxc6 Qxc6 11. Bg5 e6 12. Rc1 Qa6 13. Qd2 Bd7 14. Bh6 Rac8 15. Bxg7 Kxg7 16. Rfd1 b5 17. a3 Qb6 18. e3 a5 19. b4 axb4 20. axb4 Qd6 21. Na2 Rc4 22. Bf1 Rfc8 23. Bxc4 Rxc4 24. f3 h5 25. Rxc4 bxc4 26. Rb1 Qa6 27. Kg2 Ba4 28. h4 Nh7 29. Nc3 Bd7 30. Qb2 g5 31. hxg5 Nxg5 32. b5 Qb7 33. Na4 e5 34. Nc5 Bh3+ 35. Kf2 Qe7 36. b6 Nxf3 37. Kxf3 c3 38. Qxc3 Qf6+ 39. Ke2 Bg4+ 40. Kd2 Qf2+ 41. Kc1 Bf5 42. Ra1 Qf1+ 43. Kb2 Qb5+ 44. Qb3 Qe2+ 45. Ka3 exd4 46. exd4 1-0

[Event "72. C.to Provinciale RC"]
[Site "Reggio di calabria ITA"]
[Date "2012.05.05"]
[Round "3"]
[White "Falcomata', Gesualdo"]
[Black "Familari, Giuseppe"]
[Result "1/2-1/2"]
[WhiteElo "2065"]
[BlackElo "1958"]
[Annotator "Gabriele Ballarin"]
[PlyCount "33"]
[EventDate "2012.05.04"]
[EventType "swiss"]
[EventCountry "ITA"]

1. c4 Nf6 2. Nf3 Nc6 3. g3 e5 4. Bg2 d5 5. cxd5 Nxd5 6. d3 Nb6 7. Nc3 Be6 8. Ng5 Bg4 9. a4 h6 10. Nf3 a5 11. Be3 Be7 12. Rc1 Qd7 13. Nb5 Nd5 14. Bc5 O-O 15. O-O Ndb4 16. Bxb4 axb4 17. b3 1/2-1/2

[Event "72. C.to Provinciale RC"]
[Site "Reggio di calabria ITA"]
[Date "2012.05.05"]
[Round "3"]
[White "Ferro, Ferruccio"]
[Black "Scerbo, Antonio"]
[Result "0-1"]
[WhiteElo "1708"]
[BlackElo "2042"]
[Annotator "Gabriele Ballarin"]
[PlyCount "62"]
[EventDate "2012.05.04"]
[EventType "swiss"]
[EventCountry "ITA"]

1. e4 c5 2. Nf3 Nc6 3. d4 cxd4 4. Nxd4 Nf6 5. Nc3 e5 6. Nxc6 bxc6 7. Bg5 Rb8 8. Rb1 Bb4 9. Bd3 O-O 10. O-O d6 11. Ne2 Be6 12. c3 Bc5 13. b4 Bb6 14. a4 d5 15. a5 Bc7 16. Ng3 h6 17. Bxf6 Qxf6 18. Qc2 Rfd8 19. Rbe1 g6 20. Re3 h5 21. Qc1 h4 22. Ne2 Qg5 23. f4 exf4 24. Ref3 Bg4 25. Nxf4 Bxf3 26. Rxf3 Re8 27. exd5 cxd5 28. Qf1 Re7 29. Bc2 Rbe8 30. Nd3 Qd2 31. Rf2 Qxc3 0-1

[Event "72. C.to Provinciale RC"]
[Site "Reggio di calabria ITA"]
[Date "2012.05.05"]
[Round "3"]
[White "Forlano, Luigi"]
[Black "Luvera', Filippo"]
[Result "1-0"]
[WhiteElo "1956"]
[BlackElo "1920"]
[Annotator "Gabriele Ballarin"]
[PlyCount "73"]
[EventDate "2012.05.04"]
[EventType "swiss"]
[EventCountry "ITA"]

1. e4 c5 2. Nc3 Nc6 3. f4 g6 4. Nf3 Bg7 5. Bb5 e6 6. Bxc6 dxc6 7. e5 Nh6 8. Ne4 O-O 9. Nxc5 Qd5 10. d4 b6 11. Nd3 Qe4+ 12. Qe2 Qxe2+ 13. Kxe2 Ba6 14. Rd1 Rfd8 15. b3 c5 16. dxc5 bxc5 17. c4 Bf8 18. Be3 Rac8 19. Nb2 Nf5 20. Bf2 Bb7 21. Rxd8 Rxd8 22. Rd1 Bxf3+ 23. Kxf3 Rxd1 24. Nxd1 Nd4+ 25. Bxd4 cxd4 26. Ke4 Bc5 27. Nf2 Kg7 28. Nd3 Be7 29. Kxd4 g5 30. fxg5 Bxg5 31. b4 f5 32. b5 Kf7 33. Kc5 Ke7 34. Kc6 h5 35. a4 h4 36. h3 Be3 37. c5 1-0

[Event "72. C.to Provinciale RC"]
[Site "Reggio di calabria ITA"]
[Date "2012.05.05"]
[Round "3"]
[White "Manti, Elisa"]
[Black "Luca', Alessandro"]
[Result "0-1"]
[WhiteElo "1494"]
[BlackElo "1847"]
[Annotator "Gabriele Ballarin"]
[PlyCount "120"]
[EventDate "2012.05.04"]
[EventType "swiss"]
[EventCountry "ITA"]

1. e4 e5 2. Bc4 Bc5 3. Nc3 Nc6 4. d3 h6 5. f4 d6 6. f5 Na5 7. Bb3 Nxb3 8. axb3 Bd7 9. Nf3 Nf6 10. h3 Bc6 11. g4 Qe7 12. g5 hxg5 13. Bxg5 a6 14. h4 O-O-O 15. Na4 Ba7 16. c4 Bxa4 17. Rxa4 c6 18. Nh2 d5 19. Qc2 dxe4 20. dxe4 Rd7 21. Nf3 Rhd8 22. Nd2 Rxd2 23. Bxd2 Nd7 24. Ra1 Qc5 25. Ba5 b6 26. Bc3 Kb7 27. Bd2 b5 28. Rf1 Nf6 29. b4 Qd4 30. Rd1 Nxe4 31. Bg5 Qxd1+ 32. Qxd1 Rxd1+ 33. Kxd1 f6 34. Bc1 bxc4 35. Re1 Ng3 36. Kc2 Nxf5 37. h5 Bd4 38. Bd2 Ng3 39. h6 gxh6 40. Bxh6 Nf5 41. Bd2 Nd6 42. Re2 Kb6 43. Bh6 Nf5 44. Bd2 c5 45. Re1 Nd6 46. Rf1 f5 47. bxc5+ Kxc5 48. Bh6 Kd5 49. Bf8 f4 50. Rd1 Nf5 51. Bb4 Ne3+ 52. Kd2 Nxd1 53. Kxd1 Bxb2 54. Kc2 c3 55. Kd1 f3 56. Bxc3 Bxc3 57. Kc2 Kd4 58. Kd1 Kd3 59. Kc1 f2 60. Kb1 f1=Q+ 0-1

[Event "72. C.to Provinciale RC"]
[Site "Reggio di calabria ITA"]
[Date "2012.05.05"]
[Round "3"]
[White "Mercuri, Delia"]
[Black "Familari, Simone"]
[Result "1-0"]
[WhiteElo "1655"]
[BlackElo "1455"]
[Annotator "Gabriele Ballarin"]
[PlyCount "59"]
[EventDate "2012.05.04"]
[EventType "swiss"]
[EventCountry "ITA"]

1. e4 e5 2. Nf3 Nc6 3. Bb5 Nf6 4. O-O Bc5 5. d3 d6 6. h3 Be6 7. Nc3 a6 8. Ba4 b5 9. Bb3 O-O 10. Nd5 Nxd5 11. exd5 Nd4 12. dxe6 Nxf3+ 13. Qxf3 fxe6 14. Bxe6+ Kh8 15. Qd5 Qf6 16. Be3 Bxe3 17. fxe3 Qe7 18. Rxf8+ Rxf8 19. Rf1 Rxf1+ 20. Kxf1 Qf6+ 21. Kg1 h5 22. Qa8+ Kh7 23. Qg8+ Kh6 24. e4 c5 25. Qh8+ Kg5 26. Bf5 Kh4 27. g3+ Kxg3 28. Qxh5 Kf4 29. Kf2 c4 30. Qg4# 1-0

[Event "72. C.to Provinciale RC"]
[Site "Reggio di calabria ITA"]
[Date "2012.05.05"]
[Round "3"]
[White "Paragliola, Gennaro"]
[Black "Vazzana, Antonio"]
[Result "0-1"]
[WhiteElo "1554"]
[BlackElo "1712"]
[Annotator "Gabriele Ballarin"]
[PlyCount "36"]
[EventDate "2012.05.04"]
[EventType "swiss"]
[EventCountry "ITA"]

1. d4 Nf6 2. Bg5 h6 3. Bxf6 exf6 4. e4 c5 5. d5 Bd6 6. c4 O-O 7. Nc3 Re8 8. f3 f5 9. Bd3 Qh4+ 10. Kf1 Be5 11. Nh3 d6 12. Qe1 Qf6 13. f4 Bd4 14. Rb1 Na6 15. a3 Bxc3 16. bxc3 fxe4 17. Bxe4 Bxh3 18. gxh3 Qxf4+ 0-1

[Event "72. C.to Provinciale RC"]
[Site "Reggio di calabria ITA"]
[Date "2012.05.05"]
[Round "3"]
[White "Quattrone, Andrea"]
[Black "Ziparo, Francesco"]
[Result "1-0"]
[WhiteElo "1795"]
[BlackElo "1626"]
[Annotator "Gabriele Ballarin"]
[PlyCount "63"]
[EventDate "2012.05.04"]
[EventType "swiss"]
[EventCountry "ITA"]

1. d4 Nf6 2. c4 d6 3. Nc3 g6 4. e4 Bg7 5. f3 Nbd7 6. Be3 e5 7. d5 a5 8. a3 O-O 9. Bd3 Nc5 10. Bc2 Nfd7 11. b4 axb4 12. axb4 Rxa1 13. Qxa1 Na6 14. Qb1 Nb6 15. Bd3 Bd7 16. c5 Nc8 17. c6 Nxb4 18. cxd7 Nxd3+ 19. Qxd3 Qxd7 20. Qd2 f5 21. Bh6 Ne7 22. Nh3 f4 23. Bxg7 Kxg7 24. Ng5 Re8 25. O-O Nc8 26. Rb1 Nb6 27. Qf2 h6 28. Ne6+ Kh7 29. Nb5 Na8 30. Qa7 Qc8 31. Rc1 Kg8 32. Nxd6 1-0

[Event "72. C.to Provinciale RC"]
[Site "Reggio di calabria ITA"]
[Date "2012.05.05"]
[Round "3"]
[White "Sgro', Valerio"]
[Black "Pegna, Giuseppe"]
[Result "1-0"]
[WhiteElo "1467"]
[BlackElo "1386"]
[Annotator "Gabriele Ballarin"]
[PlyCount "71"]
[EventDate "2012.05.04"]
[EventType "swiss"]
[EventCountry "ITA"]

1. e4 d5 2. exd5 Qxd5 3. Nc3 Qe5+ 4. Be2 c6 5. Nf3 Qc7 6. O-O Nf6 7. d4 g6 8. h3 Bg7 9. Bg5 Nbd7 10. Qd2 O-O 11. Rfe1 Nb6 12. a4 e6 13. Bd3 Nbd5 14. Ne4 Nxe4 15. Bxe4 f6 16. Bxd5 fxg5 17. Bxe6+ Bxe6 18. Rxe6 Qd7 19. Rae1 Rae8 20. Rxe8 Rxe8 21. Rxe8+ Qxe8 22. Qxg5 Qe2 23. Qc5 Bf8 24. Qc3 Bd6 25. g3 Qe7 26. Kg2 h5 27. h4 Kh7 28. Qe3 c5 29. Ng5+ Kg7 30. Ne6+ Kf7 31. Nxc5 Bxc5 32. dxc5 Qxe3 33. fxe3 Ke6 34. c4 Ke5 35. Kf3 a6 36. b4 1-0

[Event "72. C.to Provinciale RC"]
[Site "Reggio di calabria ITA"]
[Date "2012.05.05"]
[Round "3"]
[White "Tricomi, Massimo"]
[Black "Zampaglione, Davide"]
[Result "1/2-1/2"]
[WhiteElo "1850"]
[BlackElo "1668"]
[Annotator "Gabriele Ballarin"]
[PlyCount "120"]
[EventDate "2012.05.04"]
[EventType "swiss"]
[EventCountry "ITA"]

1. c4 e6 2. d4 d5 3. Nf3 c6 4. g3 Nf6 5. Qc2 Nbd7 6. Bg2 Bd6 7. O-O O-O 8. Nbd2 Re8 9. e4 Nxe4 10. Nxe4 dxe4 11. Qxe4 Nf6 12. Qc2 e5 13. dxe5 Bxe5 14. Nxe5 Rxe5 15. Bf4 Bf5 16. Qb3 Re7 17. Rad1 Qe8 18. Rd4 h6 19. Rfd1 Rd7 20. Qe3 Rxd4 21. Qxd4 Qd7 22. Qxd7 Bxd7 23. Be5 Bf5 24. a3 Re8 25. Re1 Ng4 26. Bc3 Rxe1+ 27. Bxe1 Ne5 28. b3 Bg4 29. Bc3 Nf3+ 30. Kh1 Ng5 31. h4 Nf3 32. Bf1 f6 33. Kg2 Ne5 34. Bxe5 fxe5 35. f3 Bd7 36. Kf2 Kf7 37. Ke3 Kf6 38. c5 a5 39. b4 axb4 40. axb4 Be6 41. Bd3 Bf5 42. Be2 g5 43. hxg5+ hxg5 44. b5 Bd7 45. b6 Bc8 46. g4 Ke6 47. Bc4+ Kf6 48. Bd3 Bd7 49. Bh7 Be6 50. Be4 Bd7 51. Bd3 Bc8 52. Bh7 Be6 53. Ke4 Ba2 54. Ke3 Be6 55. Kd3 Bd7 56. Ke4 Be6 57. Bf5 Bd5+ 58. Ke3 Be6 59. Ke4 Bd5+ 60. Ke3 Be6 1/2-1/2

[Event "72. C.to Provinciale RC"]
[Site "Reggio di calabria ITA"]
[Date "2012.05.05"]
[Round "3"]
[White "Valotta, Massimiliano"]
[Black "Pallonetto, Cristofaro"]
[Result "1-0"]
[WhiteElo "1842"]
[BlackElo "1494"]
[Annotator "Gabriele Ballarin"]
[PlyCount "24"]
[EventDate "2012.05.04"]
[EventType "swiss"]
[EventCountry "ITA"]

1. d4 d5 2. c4 c6 3. e3 Nf6 4. Nc3 e6 5. Bd3 Be7 6. Nf3 Nbd7 7. b3 O-O 8. O-O b6 9. Qc2 Qc7 10. Bb2 Bd6 11. Rac1 Ba6 12. cxd5 cxd5 1-0

[Event "72. C.to Provinciale RC"]
[Site "Reggio di calabria ITA"]
[Date "2012.05.06"]
[Round "4"]
[White "Ambalagi, Salvatore"]
[Black "Barbera, Giuseppe"]
[Result "0-1"]
[WhiteElo "1374"]
[BlackElo "1543"]
[Annotator "Gabriele Ballarin"]
[PlyCount "70"]
[EventDate "2012.05.04"]
[EventType "swiss"]
[EventCountry "ITA"]

1. e4 c5 2. Nf3 Nc6 3. Bc4 e6 4. Nc3 d6 5. d3 Be7 6. O-O Nf6 7. h3 a6 8. a3 O-O 9. Be3 b5 10. Ba2 Nd7 11. Qd2 Bf6 12. d4 c4 13. b3 Nb6 14. Qe2 Na5 15. Rfd1 Qc7 16. Nd2 cxb3 17. cxb3 Qxc3 18. Rdc1 Qb2 19. b4 Nac4 20. Rcb1 Qc2 21. Bb3 Qc3 22. Ba2 Nxe3 23. fxe3 Bg5 24. Kh2 Qxe3 25. Qxe3 Bxe3 26. Nf3 Bb7 27. Re1 Bh6 28. Rac1 Rac8 29. Rcd1 Rc2 30. Bb3 Rc3 31. Rb1 Bf4+ 32. Kg1 Re3 33. Rxe3 Bxe3+ 34. Kh2 Bf4+ 35. g3 Bxe4 0-1

[Event "72. C.to Provinciale RC"]
[Site "Reggio di calabria ITA"]
[Date "2012.05.06"]
[Round "4"]
[White "Carbone, Edoardo"]
[Black "Tricomi, Massimo"]
[Result "1-0"]
[WhiteElo "1837"]
[BlackElo "1850"]
[Annotator "Gabriele Ballarin"]
[PlyCount "77"]
[EventDate "2012.05.04"]
[EventType "swiss"]
[EventCountry "ITA"]

1. d4 d5 2. Nf3 e6 3. c4 f5 4. Nc3 Nf6 5. Bg5 c6 6. e3 Bd6 7. Bd3 O-O 8. Qc2 Qd7 9. Bxf6 Rxf6 10. O-O-O Na6 11. a3 dxc4 12. Be2 b5 13. Ne5 Qc7 14. f4 Bd7 15. g4 Rb8 16. gxf5 exf5 17. Rhg1 Kh8 18. Rg3 b4 19. axb4 Nxb4 20. Qa4 Bxe5 21. dxe5 c5 22. Qxd7 Qxd7 23. Rxd7 Ra6 24. Bxc4 Ra1+ 25. Kd2 g6 26. Rh3 h5 27. Rg3 Nc6 28. b3 Na5 29. Bd5 Nxb3+ 30. Bxb3 Rxb3 31. Rc7 Rb2+ 32. Kd3 Rxh2 33. Rxg6 Rh3 34. e6 Re1 35. Nd5 Rd1+ 36. Kc4 Rh2 37. Rh6+ Kg8 38. Nf6+ Kf8 39. Rh8# 1-0

[Event "72. C.to Provinciale RC"]
[Site "Reggio di calabria ITA"]
[Date "2012.05.06"]
[Round "4"]
[White "Cordi', Domenico"]
[Black "Quattrone, Andrea"]
[Result "0-1"]
[WhiteElo "2075"]
[BlackElo "1795"]
[Annotator "Gabriele Ballarin"]
[PlyCount "94"]
[EventDate "2012.05.04"]
[EventType "swiss"]
[EventCountry "ITA"]

1. e4 e6 2. d4 d5 3. Nd2 dxe4 4. Nxe4 Nf6 5. Bd3 Be7 6. Nf3 O-O 7. O-O b6 8. Nxf6+ Bxf6 9. Be4 c6 10. Bf4 Bb7 11. c3 Qe7 12. Re1 Rd8 13. Qb3 Na6 14. Rad1 c5 15. d5 c4 16. Qxc4 Nc5 17. d6 Qd7 18. Bxb7 Nxb7 19. Qd3 Rac8 20. Rd2 Rc5 21. c4 Rc6 22. Red1 Nc5 23. Qc2 Nb7 24. Qd3 Nc5 25. Qe2 Nb7 26. b3 Nc5 27. h3 Qb7 28. g4 g6 29. Ne5 Bxe5 30. Bxe5 Nd7 31. Bb2 Rc5 32. Qe3 e5 33. g5 b5 34. Rd5 Rdc8 35. f4 Qb6 36. Rxc5 Rxc5 37. Kh2 bxc4 38. Ba3 Ra5 39. Qxb6 axb6 40. Bb4 Rxa2+ 41. Rd2 cxb3 42. Rxa2 bxa2 43. Bc3 exf4 44. Kg2 Kf8 45. Kf3 Ke8 46. Kxf4 Nc5 47. Ke5 Kd7 0-1

[Event "72. C.to Provinciale RC"]
[Site "Reggio di calabria ITA"]
[Date "2012.05.06"]
[Round "4"]
[White "Familari, Giuseppe"]
[Black "Forlano, Luigi"]
[Result "1-0"]
[WhiteElo "1958"]
[BlackElo "1956"]
[Annotator "Gabriele Ballarin"]
[PlyCount "63"]
[EventDate "2012.05.04"]
[EventType "swiss"]
[EventCountry "ITA"]

1. e4 c6 2. d4 d5 3. Nc3 a6 4. a4 dxe4 5. Nxe4 Bf5 6. Ng3 Bg6 7. Bc4 e6 8. N1e2 Bd6 9. Nf4 Bxf4 10. Bxf4 Ne7 11. h4 h6 12. h5 Bh7 13. c3 Nd7 14. Qg4 Rg8 15. Qf3 Nf6 16. a5 Ned5 17. Be5 Ke7 18. Rh4 b5 19. Bd3 Bxd3 20. Qxd3 g5 21. hxg6 Rxg6 22. Qe2 Kd7 23. Qf3 Qe7 24. O-O-O Rag8 25. Rdh1 h5 26. Nxh5 Ng4 27. Nf4 Nxe5 28. dxe5 Nxf4 29. Rxf4 R8g7 30. Rd1+ Kc7 31. Qe3 f5 32. exf6 1-0

[Event "72. C.to Provinciale RC"]
[Site "Reggio di calabria ITA"]
[Date "2012.05.06"]
[Round "4"]
[White "Fariselli, Umberto"]
[Black "Manti, Elisa"]
[Result "1-0"]
[WhiteElo "1287"]
[BlackElo "1494"]
[Annotator "Gabriele Ballarin"]
[PlyCount "125"]
[EventDate "2012.05.04"]
[EventType "swiss"]
[EventCountry "ITA"]

1. d4 d5 2. c4 c6 3. b3 Nf6 4. Nc3 e6 5. e3 Bb4 6. Bb2 Ne4 7. Nge2 Qa5 8. Qc2 O-O 9. f3 Nxc3 10. Nxc3 Nd7 11. Bd3 Nf6 12. O-O Qc7 13. c5 b6 14. a3 Bxc3 15. Qxc3 b5 16. b4 a6 17. f4 g6 18. a4 Ng4 19. Be2 f5 20. h3 Nf6 21. Bf3 Ne4 22. Bxe4 fxe4 23. Qd2 Bd7 24. Qf2 Rf7 25. axb5 cxb5 26. Ra5 Bc6 27. Rfa1 Bb7 28. Qg3 Rg7 29. Qg4 Bc8 30. Qg5 Rf7 31. Qg3 Bb7 32. Bc3 Qd8 33. Be1 Qf6 34. Qg4 Bc8 35. Rxb5 h5 36. Qg3 Bb7 37. Rba5 Rff8 38. h4 Rfb8 39. Rc1 Rc8 40. Qg5 Qg7 41. Rc2 Bc6 42. g4 hxg4 43. Qxg4 Rf8 44. Qxe6+ Rf7 45. Qxc6 Rff8 46. Qxd5+ Kh8 47. Qxe4 Rae8 48. Qf3 Re7 49. Bf2 Qh6 50. Rxa6 Rh7 51. Rca2 g5 52. Rxh6 Rxh6 53. hxg5 Rh7 54. b5 Rg8 55. b6 Rf8 56. b7 Rg8 57. Ra8 Rxb7 58. Rxg8+ Kxg8 59. Qxb7 Kf8 60. f5 Ke8 61. f6 Kf8 62. Bg3 Kg8 63. Qg7# 1-0

[Event "72. C.to Provinciale RC"]
[Site "Reggio di calabria ITA"]
[Date "2012.05.06"]
[Round "4"]
[White "Luca', Alessandro"]
[Black "Vallone, Rosario"]
[Result "1/2-1/2"]
[WhiteElo "1847"]
[BlackElo "1557"]
[Annotator "Gabriele Ballarin"]
[PlyCount "99"]
[EventDate "2012.05.04"]
[EventType "swiss"]
[EventCountry "ITA"]

1. e4 e6 2. d4 d5 3. Bd3 c5 4. dxc5 Bxc5 5. exd5 Qxd5 6. Bb5+ Bd7 7. Qxd5 exd5 8. Bd3 Bc6 9. Nd2 Nf6 10. Ngf3 O-O 11. O-O Re8 12. Nb3 Bb6 13. Bd2 a5 14. Bc3 Ne4 15. Bd4 Bxd4 16. Nbxd4 Nd7 17. Bb5 Rac8 18. c3 Ndc5 19. a4 Ne6 20. Rad1 Bxb5 21. Nxb5 Red8 22. Nd2 f5 23. f3 N4c5 24. b4 axb4 25. cxb4 Nxa4 26. Rfe1 Kf7 27. Ra1 Nb2 28. Ra7 Rd7 29. Rxb7 Rxb7 30. Nd6+ Kf6 31. Nxb7 Rb8 32. Nc5 Nxc5 33. bxc5 Nd3 34. Ra1 Nxc5 35. Ra5 Rc8 36. Kf2 Ke5 37. Ke3 g5 38. g3 d4+ 39. Ke2 h5 40. Nc4+ Ke6 41. Nb6 Rc6 42. Rb5 h4 43. Rb4 hxg3 44. hxg3 Rd6 45. Nc4 Ra6 46. Rb2 g4 47. Rd2 Nb3 48. Rb2 gxf3+ 49. Kxf3 Kd5 50. Ne3+ 1/2-1/2

[Event "72. C.to Provinciale RC"]
[Site "Reggio di calabria ITA"]
[Date "2012.05.06"]
[Round "4"]
[White "Luvera', Filippo"]
[Black "Mercuri, Delia"]
[Result "1-0"]
[WhiteElo "1920"]
[BlackElo "1655"]
[Annotator "Gabriele Ballarin"]
[PlyCount "91"]
[EventDate "2012.05.04"]
[EventType "swiss"]
[EventCountry "ITA"]

1. e4 e5 2. Nf3 d6 3. d4 exd4 4. Nxd4 Nd7 5. Nc3 Ngf6 6. Be2 Be7 7. O-O O-O 8. Bf4 Nb6 9. a4 Be6 10. Nxe6 fxe6 11. a5 Nbd7 12. Qd2 Nc5 13. f3 e5 14. Be3 Ne6 15. Bc4 Qd7 16. Rad1 Kh8 17. Bxe6 Qxe6 18. Nd5 Ne8 19. Nxe7 Qxe7 20. b4 c6 21. c4 Nc7 22. Qxd6 Rf7 23. Rd2 Ne8 24. Qxe7 Rxe7 25. Rfd1 Nc7 26. Rd7 Rxd7 27. Rxd7 Ne8 28. Bxa7 h6 29. Rxb7 Nd6 30. Rb8+ Rxb8 31. Bxb8 Nxc4 32. a6 Nb6 33. Bxe5 Kg8 34. Bd4 Na8 35. Kf2 Kf7 36. Ke3 g6 37. f4 h5 38. Bc5 Ke6 39. Kd4 Nc7 40. a7 Kd7 41. Ke5 Kc8 42. Kf6 Kb7 43. Kxg6 Ne6 44. f5 Nf4+ 45. Kg5 Nd3 46. f6 1-0

[Event "72. C.to Provinciale RC"]
[Site "Reggio di calabria ITA"]
[Date "2012.05.06"]
[Round "4"]
[White "Scerbo, Antonio"]
[Black "Carbone, Stefano"]
[Result "1/2-1/2"]
[WhiteElo "2042"]
[BlackElo "1980"]
[Annotator "Gabriele Ballarin"]
[PlyCount "48"]
[EventDate "2012.05.04"]
[EventType "swiss"]
[EventCountry "ITA"]

1. d4 Nf6 2. c4 g6 3. Nc3 d5 4. cxd5 Nxd5 5. e4 Nxc3 6. bxc3 Bg7 7. Bc4 c5 8. Ne2 O-O 9. O-O Nc6 10. Be3 Qc7 11. Rc1 Na5 12. Bd3 b6 13. Qd2 Bb7 14. Bh6 Rad8 15. Bxg7 Kxg7 16. h4 Qd7 17. Qf4 Qd6 18. Qxd6 Rxd6 19. Rfd1 e6 20. f3 Rfd8 21. Bb5 Bc6 22. a4 a6 23. Bxc6 Nxc6 24. Rb1 b5 1/2-1/2

[Event "72. C.to Provinciale RC"]
[Site "Reggio di calabria ITA"]
[Date "2012.05.06"]
[Round "4"]
[White "Sgro', Valerio"]
[Black "Ferro, Ferruccio"]
[Result "1/2-1/2"]
[WhiteElo "1467"]
[BlackElo "1708"]
[Annotator "Gabriele Ballarin"]
[PlyCount "43"]
[EventDate "2012.05.04"]
[EventType "swiss"]
[EventCountry "ITA"]

1. e4 e5 2. Nf3 Nc6 3. Bb5 d6 4. h3 Bd7 5. O-O Nf6 6. Nc3 a6 7. Bxc6 Bxc6 8. d3 h6 9. Re1 Be7 10. d4 exd4 11. Nxd4 O-O 12. Nf5 Kh7 13. Qf3 Qd7 14. Nd5 Bxd5 15. exd5 Rae8 16. c4 Bd8 17. Bd2 Re5 18. Ng3 Rfe8 19. Re3 c6 20. dxc6 Qxc6 21. Qxc6 bxc6 22. Rxe5 1/2-1/2

[Event "72. C.to Provinciale RC"]
[Site "Reggio di calabria ITA"]
[Date "2012.05.06"]
[Round "4"]
[White "Vazzana, Antonio"]
[Black "Falcomata', Gesualdo"]
[Result "0-1"]
[WhiteElo "1712"]
[BlackElo "2065"]
[Annotator "Gabriele Ballarin"]
[PlyCount "64"]
[EventDate "2012.05.04"]
[EventType "swiss"]
[EventCountry "ITA"]

1. c4 e5 2. Nc3 f5 3. Nf3 Nc6 4. g3 Nf6 5. Bg2 e4 6. Ng5 Ng4 7. Nh3 Bc5 8. b3 a5 9. Bb2 O-O 10. O-O Rf6 11. Nxe4 fxe4 12. Bxf6 Nxf6 13. d3 e3 14. f3 d5 15. Nf4 d4 16. a3 Bd6 17. Nd5 Be6 18. f4 Bxd5 19. cxd5 Ne7 20. Qc2 h5 21. h3 Nf5 22. Kh2 Qe7 23. b4 axb4 24. axb4 Rxa1 25. Rxa1 h4 26. Ra8+ Kf7 27. Bf3 hxg3+ 28. Kg2 Nh4+ 29. Kxg3 Nxf3 30. Kxf3 Qd7 31. Rh8 Qf5 32. Rh4 g5 0-1

[Event "72. C.to Provinciale RC"]
[Site "Reggio di calabria ITA"]
[Date "2012.05.06"]
[Round "4"]
[White "Zampaglione, Davide"]
[Black "Valotta, Massimiliano"]
[Result "1-0"]
[WhiteElo "1668"]
[BlackElo "1842"]
[Annotator "Gabriele Ballarin"]
[PlyCount "45"]
[EventDate "2012.05.04"]
[EventType "swiss"]
[EventCountry "ITA"]

1. d4 d5 2. Nf3 c5 3. e3 Nf6 4. c3 e6 5. Bd3 Nc6 6. O-O Bd6 7. Nbd2 e5 8. Nxe5 Nxe5 9. dxe5 Bxe5 10. e4 dxe4 11. Nxe4 Bxh2+ 12. Kxh2 Ng4+ 13. Kg1 Qc7 14. Bb5+ Ke7 15. g3 Rd8 16. Qe2 Kf8 17. Bf4 Qb6 18. Rfd1 Be6 19. Rxd8+ Rxd8 20. Rd1 Rxd1+ 21. Qxd1 Qxb5 22. Qd8+ Qe8 23. Bd6+ 1-0

[Event "72. C.to Provinciale RC"]
[Site "Reggio di calabria ITA"]
[Date "2012.05.06"]
[Round "4"]
[White "Ziparo, Francesco"]
[Black "Paragliola, Gennaro"]
[Result "1-0"]
[WhiteElo "1626"]
[BlackElo "1554"]
[Annotator "Gabriele Ballarin"]
[PlyCount "71"]
[EventDate "2012.05.04"]
[EventType "swiss"]
[EventCountry "ITA"]

1. c4 e5 2. Nc3 Nf6 3. Nf3 d6 4. d4 exd4 5. Nxd4 g6 6. Bg5 Bg7 7. Nd5 O-O 8. e3 c6 9. Nxf6+ Bxf6 10. Bxf6 Qxf6 11. Be2 c5 12. Nb5 Na6 13. Qd2 Rd8 14. Bf3 Qe7 15. Nc3 Nc7 16. O-O Rb8 17. Rad1 Ne8 18. Nd5 Qg5 19. Qc3 b6 20. Nf4 Bb7 21. Bxb7 Rxb7 22. Nd5 Rbd7 23. a4 Qe5 24. Qc2 f5 25. Rfe1 Kf7 26. f4 Qe4 27. Qc3 Ng7 28. Qf6+ Ke8 29. Qg5 Kf7 30. Nf6 Qxc4 31. Nxd7 Rxd7 32. e4 Ne6 33. Qh6 Kg8 34. exf5 Qxf4 35. fxe6 Qxh6 36. exd7 1-0

[Event "72. C.to Provinciale RC"]
[Site "Reggio di calabria ITA"]
[Date "2012.05.06"]
[Round "5"]
[White "Attina', Rodolfo"]
[Black "Fariselli, Umberto"]
[Result "1/2-1/2"]
[WhiteElo "1575"]
[BlackElo "1287"]
[Annotator "Gabriele Ballarin"]
[PlyCount "53"]
[EventDate "2012.05.04"]
[EventType "swiss"]
[EventCountry "ITA"]

1. d4 d5 2. Nf3 Nf6 3. Nbd2 e6 4. a3 a6 5. g3 c6 6. Bg2 Bd6 7. O-O O-O 8. Nb3 Re8 9. Re1 Nbd7 10. Bg5 Be7 11. Bxf6 Bxf6 12. c3 Qb6 13. Qc2 Qc7 14. e4 g6 15. Qd2 Nb6 16. Rab1 Nc4 17. Qc2 b6 18. Nbd2 Nxd2 19. Qxd2 b5 20. b4 a5 21. Qe3 Qe7 22. Nd2 axb4 23. axb4 Qf8 24. Nb3 Bg7 25. Qf3 Ra3 26. Re2 Re7 27. Nc5 1/2-1/2

[Event "72. C.to Provinciale RC"]
[Site "Reggio di calabria ITA"]
[Date "2012.05.06"]
[Round "5"]
[White "Barbera, Giuseppe"]
[Black "Scerbo, Antonio"]
[Result "0-1"]
[WhiteElo "1543"]
[BlackElo "2042"]
[Annotator "Gabriele Ballarin"]
[PlyCount "40"]
[EventDate "2012.05.04"]
[EventType "swiss"]
[EventCountry "ITA"]

1. e4 c5 2. Nf3 Nc6 3. c3 d5 4. e5 Bg4 5. d4 cxd4 6. Bb5 Qa5 7. Bxc6+ bxc6 8. b4 Bxf3 9. Qxf3 Qb6 10. Bd2 e6 11. a4 a5 12. O-O axb4 13. cxd4 Qxd4 14. Ra2 Ne7 15. Be3 Qxe5 16. Bc5 Nf5 17. Re2 Qf6 18. Qf4 Bxc5 19. Qc7 O-O 20. Qf4 Nd4 0-1

[Event "72. C.to Provinciale RC"]
[Site "Reggio di calabria ITA"]
[Date "2012.05.06"]
[Round "5"]
[White "Carbone, Stefano"]
[Black "Familari, Giuseppe"]
[Result "1/2-1/2"]
[WhiteElo "1980"]
[BlackElo "1958"]
[Annotator "Gabriele Ballarin"]
[PlyCount "33"]
[EventDate "2012.05.04"]
[EventType "swiss"]
[EventCountry "ITA"]

1. Nf3 Nf6 2. c4 c5 3. g3 Nc6 4. Bg2 d6 5. d4 cxd4 6. Nxd4 Bd7 7. Nc3 g6 8. O-O Bg7 9. b3 O-O 10. Bb2 Re8 11. Qd2 a6 12. Rfd1 Rb8 13. Rac1 Qa5 14. Nd5 Qxd2 15. Rxd2 Nxd5 16. cxd5 Nxd4 17. Bxd4 1/2-1/2